| 000 | 00555nam a22001937a 4500 | ||
|---|---|---|---|
| 005 | 20260615114528.0 | ||
| 010 | _aENG-148822 | ||
| 020 |
_a9789394248021 _c1150.00 |
||
| 035 | _aEN-132354 | ||
| 037 | _bDBAD | ||
| 082 |
_a181.4 _21 |
||
| 100 |
_aSharma, Sunita _979925 |
||
| 245 |
_aGlimpse of Indian Philosophy/ _cSunita Sharma |
||
| 250 | _a1 | ||
| 260 |
_aVaranasi _bKrishna Prakashan _c2022 |
||
| 270 |
_aB5/25 Oudhgarvi, Sonapura, _bVaranasi _e221001 _k8840071918 |
||
| 300 |
_a282p. _b22cm(hb) |
||
| 942 |
_2ddc _cEN _h181.4 _mSHA |
||
| 999 |
_c216645 _d216645 |
||